Vezina Trophy Runner-ups - Statistics

General Stats
  • This quiz has been taken 16 times
  • The average score is 21 of 36
Answer Stats
Years Goalie % Correct
1997, 1998, 2006 Martin Brodeur
94%
2018 Connor Hellebuyck
88%
1991, 2002 Patrick Roy
88%
2015 Pekka Rinne
88%
2011 Pekka Rinne
88%
2020 Tuukka Rask
88%
2021 Andrei Vasilevskiy
81%
2017 Braden Holtby
81%
2013 Henrik Lundqvist
81%
2007 Roberto Luongo
81%
2024 Thatcher Demko
81%
1982 Grant Fuhr
75%
1996 Chris Osgood
69%
1999 Curtis Joseph
69%
1995 Ed Belfour
69%
2022 Jacob Markström
69%
1994 John Vanbiesbrouck
69%
2012 Jonathan Quick
69%
2004 Miikka Kiprusoff
69%
2008 Evgeni Nabokov
63%
2016, 2019 Ben Bishop
56%
2023 Ilya Sorokin
56%
2003 Marty Turco
56%
1989 Mike Vernon
56%
1985, 1988, 1993 Tom Barrasso
56%
1987 Mike Liut
50%
2009 Steve Mason
44%
2010 Ilya Bryzgalov
38%
1992 Kirk McLean
38%
2014 Semyon Varlamov
38%
2000 Roman Turek
31%
1990 Daren Puppa
13%
1984 Réjean Lemelin
13%
1983 Roland Melanson
13%
2001 Roman Čechmánek
13%
1986 Bob Froese
6%
No matching quizzes found
Score Distribution
Percent of People with Each Score
Percentile by Number Answered
Your Score History
You have not taken this quiz